Closest City Chain - Statistics

General Stats
  • This quiz has been taken 688 times
  • The average score is 10 of 60
Answers on the Map
Answers color-coded by a green-red scale on the quiz's map according to % correct below.
 
Answer Stats
Location City Distance % Correct
United Kingdom Southampton 354 km
100%
United Kingdom Nottingham 228 km
79%
United Kingdom Manchester 94 km
78%
Netherlands Rotterdam 485 km
77%
Germany Mannheim 390 km
61%
Germany Munich 273 km
61%
Italy Rome 1,189 km
59%
Germany Hanover 489 km
58%
Iraq Erbil 2,775 km
50%
Pakistan Lahore 2,842 km
49%
China Ezhou 3,845 km
25%
Japan Nagoya 696 km
22%
South Korea Ulsan 1,456 km
22%
China Anshan 1,383 km
20%
China Nantong 1,034 km
16%
China Ganzhou 894 km
13%
Mongolia Ulaanbaatar 2,545 km
13%
Japan Okayama 1,312 km
11%
China Rizhao 1,734 km
11%
China Anyang 1,775 km
9%
China Guangzhou 776 km
9%
China Guilin 1,265 km
9%
China Nanning 331 km
9%
China Guiyang 455 km
8%
India Indore 2,582 km
8%
China Urumqi 3,284 km
8%
Kazakhstan Almaty 976 km
7%
Kazakhstan Astana 1,106 km
7%
Nigeria Enugu 7,511 km
7%
Russia Ufa 6,873 km
7%
Canada Edmonton 7,514 km
6%
United States El Paso 1,879 km
6%
Turkey Gaziantep 2,794 km
6%
United States Nashville 2,830 km
6%
United States Oklahoma City 926 km
6%
Czech Republic Prague 2,326 km
6%
Russia Yekaterinburg 1,894 km
6%
Armenia Yerevan 10,750 km
6%
Pakistan Faisalabad 2,715 km
5%
Iraq Najaf 910 km
5%
Nigeria Aba 441 km
4%
Ivory Coast Abidjan 421 km
4%
Nigeria Abuja 228 km
4%
Ghana Accra 841 km
4%
India Agra 303 km
4%
India Aligarh 80 km
4%
Syria Damascus 117 km
4%
India Dehradun 483 km
4%
India Delhi 947 km
4%
Pakistan Hyderabad 1,006 km
4%
Jordan Irbid 3,959 km
4%
Iran Isfahan 3,440 km
4%
India Kota 620 km
4%
India Nagpur 1,021 km
4%
India Nashik 2,604 km
4%
Niger Niamey 1,129 km
4%
India Ranchi 684 km
4%
Iran Shiraz 1,603 km
4%
Cameroon Yaounde 1,490 km
4%
Nigeria Zaria 5,065 km
4%
No matching quizzes found
Score Distribution
Percent of People with Each Score
Percentile by Number Answered
Your Score History
You have not taken this quiz